Riconosci il Pokémon - Quiz n°533 - Statistics

Statistiche generali
  • Questo quiz è stato fatto 1 volte
  • Il punteggio medio è 10 su 10
Statistiche sulle risposte
Indizio Risposta % Corretto
Altezza 1,0 m
100%
Tasso di cattura 120 (24.9%)
100%
Peso 16,5 kg
100%
Sesso 50% ♂, 50% ♀
100%
Tipo Coleottero
100%
Abilità Insonnia; Sorveglianza
100%
Tasso di allevamento Irregolare
100%
Generazione Nona
100%
Stadio evoluzione Prima evoluzione
100%
Pokémon Spidops
100%
Nessun quiz corrispondente trovato
Distribuzione punteggi
Percentuale di utenti per punteggio
Percentile per numero di risposta
I tuoi punteggi nel tempo
Non hai fatto questo quiz